Statistics for Taylor Swift - I Look in People's Windows (Lyrics)

Click here to take the quiz!

General Stats

  • This quiz has been taken 23 times
  • The average score is 132 of 180

Answer Stats

Answer% Correct
I
100%
in
100%
In
100%
the
100%
you
100%
You
100%
your
100%
A
92%
at
92%
case
92%
I'm
92%
Like
92%
look
92%
me?
92%
people's
92%
So
92%
so
92%
some
92%
table
92%
their
92%
weirdo
92%
wind
92%
windows
92%
you're
92%
Christmas
83%
deranged
83%
eyes
83%
'if
83%
if
83%
mine
83%
on
83%
One
83%
Out,
83%
out
83%
out,
83%
time
83%
to
83%
What
83%
what
83%
and
75%
attend
75%
Does
75%
feel
75%
from
75%
it
75%
know
75%
looked
75%
met
75%
more
75%
not
75%
parties
75%
up
75%
only'
67%
outside
67%
train
67%
addicted
58%
are
58%
be
58%
breath
58%
chances
58%
death
58%
died
58%
had
58%
south
58%
south,
58%
South,
58%
spied
58%
They
58%
tiniest
58%
alright
50%
As
50%
away
50%
blowing
50%
boarded
50%
bound
50%
by
50%
carried
50%
catch
50%
Downtown,
50%
downtown
50%
drink
50%
friends
50%
got
50%
have
50%
knowing
50%
nice
50%
North
50%
over
50%
wine
50%
you'd
50%
afflicted
42%
feather
42%
golden
42%
head
42%
meant
42%
still
42%
faces
33%
glows
33%
now
33%
Now,
33%
now,
33%
ponder
33%
rose
33%
searching
33%
streets
33%
taken
33%
tilted
33%
Transfixed
33%
tried
33%
stopped
25%

Score Distribution

Percentile by Number Answered

Percent of People with Each Score

Your Score History

You have not taken this quiz